Score 0/205 Timer 15:00
0 Plays Today
Chapter Word % Correct
Chapter 3:
The Uruk-Hai
a
99%
Chapter 7:
Helm's Deep
a
99%
Chapter 8:
The Road to Isengard
a
99%
Chapter 10:
The Voice of Saruman
a
99%
Chapter 10:
The Voice of Saruman
a
99%
Chapter 1:
The Departure of Boromir
the
98%
Chapter 4:
Treebeard
the
98%
Chapter 4:
Treebeard
the
98%
Chapter 4:
Treebeard
the
98%
Chapter 4:
Treebeard
the
98%
Chapter 4:
Treebeard
the
98%
Chapter 4:
Treebeard
the
98%
Chapter 7:
Helm's Deep
The
98%
Chapter 7:
Helm's Deep
the
98%
Chapter 7:
Helm's Deep
the
98%
Chapter 8:
The Road to Isengard
the
98%
Chapter 8:
The Road to Isengard
the
98%
Chapter 8:
The Road to Isengard
the
98%
Chapter 8:
The Road to Isengard
the
98%
Chapter 9:
Flotsam and Jetsam
the
98%
Chapter 9:
Flotsam and Jetsam
the
98%
Chapter 9:
Flotsam and Jetsam
the
98%
Chapter 10:
The Voice of Saruman
the
98%
Chapter 10:
The Voice of Saruman
the
98%
Chapter 10:
The Voice of Saruman
the
98%
Chapter 1:
The Departure of Boromir
Aragorn
89.8%
Chapter 7:
Helm's Deep
to
88.8%
Chapter 9:
Flotsam and Jetsam
to
88.8%
Chapter 3:
The Uruk-Hai
Pippin
85.7%
Chapter 3:
The Uruk-Hai
in
85.7%
Chapter 3:
The Uruk-Hai
he
85.7%
Chapter 3:
The Uruk-Hai
in
85.7%
Chapter 7:
Helm's Deep
was
85.7%
Chapter 7:
Helm's Deep
was
85.7%
Chapter 7:
Helm's Deep
in
85.7%
Chapter 8:
The Road to Isengard
was
85.7%
Chapter 8:
The Road to Isengard
in
85.7%
Chapter 10:
The Voice of Saruman
in
85.7%
Chapter 3:
The Uruk-Hai
and
84.7%
Chapter 4:
Treebeard
and
84.7%
Chapter 4:
Treebeard
of
84.7%
Chapter 4:
Treebeard
and
84.7%
Chapter 4:
Treebeard
of
84.7%
Chapter 4:
Treebeard
and
84.7%
Chapter 5:
The White Rider
and
84.7%
Chapter 6: The King of the Golden HallThey
84.7%
Chapter 6: The King of the Golden Halland
84.7%
Chapter 6: The King of the Golden Halland
84.7%
Chapter 7:
Helm's Deep
they
84.7%
Chapter 7:
Helm's Deep
and
84.7%
Chapter 7:
Helm's Deep
of
84.7%
Chapter 7:
Helm's Deep
of
84.7%
Chapter 8:
The Road to Isengard
of
84.7%
Chapter 8:
The Road to Isengard
and
84.7%
Chapter 9:
Flotsam and Jetsam
and
84.7%
Chapter 9:
Flotsam and Jetsam
of
84.7%
Chapter 9:
Flotsam and Jetsam
of
84.7%
Chapter 10:
The Voice of Saruman
They
84.7%
Chapter 10:
The Voice of Saruman
and
84.7%
Chapter 10:
The Voice of Saruman
of
84.7%
Chapter 10:
The Voice of Saruman
of
84.7%
Chapter 10:
The Voice of Saruman
and
84.7%
Chapter 5:
The White Rider
Gimli,
81.6%
Chapter 8:
The Road to Isengard
Gandalf
80.6%
Chapter 9:
Flotsam and Jetsam
Gandalf
80.6%
Chapter 1:
The Departure of Boromir
on
78.6%
Chapter 6: The King of the Golden Hallon
78.6%
Chapter 3:
The Uruk-Hai
his
75.5%
Chapter 5:
The White Rider
his
75.5%
Chapter Word % Correct
Chapter 5:
The White Rider
his
75.5%
Chapter 8:
The Road to Isengard
White
75.5%
Chapter 3:
The Uruk-Hai
it
74.5%
Chapter 7:
Helm's Deep
it
74.5%
Chapter 8:
The Road to Isengard
it
74.5%
Chapter 8:
The Road to Isengard
Rider
74.5%
Chapter 10:
The Voice of Saruman
it.
74.5%
Chapter 3:
The Uruk-Hai
that
73.5%
Chapter 8:
The Road to Isengard
that
73.5%
Chapter 8:
The Road to Isengard
Théoden
73.5%
Chapter 10:
The Voice of Saruman
that
73.5%
Chapter 3:
The Uruk-Hai
'Frodo!
72.4%
Chapter 3:
The Uruk-Hai
Frodo!'
72.4%
Chapter 4:
Treebeard
as
72.4%
Chapter 4:
Treebeard
as
72.4%
Chapter 7:
Helm's Deep
as
72.4%
Chapter 1:
The Departure of Boromir
up
71.4%
Chapter 4:
Treebeard
forest
71.4%
Chapter 4:
Treebeard
up
71.4%
Chapter 8:
The Road to Isengard
King
71.4%
Chapter 6: The King of the Golden Hallnight.
70.4%
Chapter 4:
Treebeard
hobbits
69.4%
Chapter 6: The King of the Golden Hallrode
69.4%
Chapter 7:
Helm's Deep
rode
69.4%
Chapter 9:
Flotsam and Jetsam
rode
69.4%
Chapter 8:
The Road to Isengard
So
68.4%
Chapter 1:
The Departure of Boromir
hill.
67.3%
Chapter 7:
Helm's Deep
Rohan
67.3%
Chapter 9:
Flotsam and Jetsam
Isengard.
67.3%
Chapter 4:
Treebeard
into
66.3%
Chapter 7:
Helm's Deep
sun
66.3%
Chapter 7:
Helm's Deep
their
64.3%
Chapter 3:
The Uruk-Hai
dark
63.3%
Chapter 4:
Treebeard
dark
63.3%
Chapter 5:
The White Rider
said
63.3%
Chapter 7:
Helm's Deep
from
63.3%
Chapter 10:
The Voice of Saruman
dark
63.3%
Chapter 6: The King of the Golden Hallthrough
61.2%
Chapter 8:
The Road to Isengard
morning
61.2%
Chapter 10:
The Voice of Saruman
through
61.2%
Chapter 5:
The White Rider
are
58.2%
Chapter 7:
Helm's Deep
all
57.1%
Chapter 10:
The Voice of Saruman
at
57.1%
Chapter 10:
The Voice of Saruman
all
57.1%
Chapter 3:
The Uruk-Hai
dream:
55.1%
Chapter 3:
The Uruk-Hai
could
55.1%
Chapter 5:
The White Rider
''My
54.1%
Chapter 7:
Helm's Deep
light
54.1%
Chapter 8:
The Road to Isengard
light
54.1%
Chapter 4:
Treebeard
went
53.1%
Chapter 1:
The Departure of Boromir
sped
52%
Chapter 4:
Treebeard
Fangorn.
52%
Chapter 7:
Helm's Deep
Edoras,
51%
Chapter 3:
The Uruk-Hai
voice
50%
Chapter 7:
Helm's Deep
eyes,
50%
Chapter 4:
Treebeard
with
49%
Chapter 9:
Flotsam and Jetsam
company
49%
Chapter 8:
The Road to Isengard
met
48%
Chapter 3:
The Uruk-Hai
lay
46.9%
Chapter 8:
The Road to Isengard
Deeping-stream.
46.9%
Chapter 10:
The Voice of Saruman
lay
46.9%
Chapter 3:
The Uruk-Hai
hear
44.9%
Chapter 5:
The White Rider
feet.
44.9%
Chapter 10:
The Voice of Saruman
Orthanc,
43.9%
Chapter 4:
Treebeard
mountains,
40.8%
Chapter 5:
The White Rider
very
40.8%
Chapter 9:
Flotsam and Jetsam
walls
40.8%
Chapter 8:
The Road to Isengard
grass
39.8%
Chapter 9:
Flotsam and Jetsam
King's
39.8%
Chapter Word % Correct
Chapter 2:
The Riders of Rohan
Dusk
38.8%
Chapter 3:
The Uruk-Hai
seemed
38.8%
Chapter 3:
The Uruk-Hai
black
38.8%
Chapter 5:
The White Rider
arms
38.8%
Chapter 6: The King of the Golden Halldusk,
38.8%
Chapter 8:
The Road to Isengard
green
38.8%
Chapter 10:
The Voice of Saruman
passed
38.8%
Chapter 10:
The Voice of Saruman
its
38.8%
Chapter 4:
Treebeard
much
36.7%
Chapter 4:
Treebeard
towards
36.7%
Chapter 5:
The White Rider
bones
36.7%
Chapter 5:
The White Rider
chilled,''
36.7%
Chapter 8:
The Road to Isengard
again
36.7%
Chapter 8:
The Road to Isengard
upon
36.7%
Chapter 10:
The Voice of Saruman
upon
36.7%
Chapter 3:
The Uruk-Hai
own
34.7%
Chapter 4:
Treebeard
stream,
34.7%
Chapter 5:
The White Rider
flapping
34.7%
Chapter 8:
The Road to Isengard
beside
34.7%
Chapter 4:
Treebeard
speed
33.7%
Chapter 4:
Treebeard
allowed,
33.7%
Chapter 9:
Flotsam and Jetsam
ruined
33.7%
Chapter 10:
The Voice of Saruman
ruined
33.7%
Chapter 4:
Treebeard
tangled
32.7%
Chapter 4:
Treebeard
deeper
32.7%
Chapter 4:
Treebeard
deeper
32.7%
Chapter 9:
Flotsam and Jetsam
away,
32.7%
Chapter 10:
The Voice of Saruman
many
32.7%
Chapter 5:
The White Rider
stamping
30.6%
Chapter 3:
The Uruk-Hai
small
29.6%
Chapter 10:
The Voice of Saruman
stood
29.6%
Chapter 3:
The Uruk-Hai
calling,
28.6%
Chapter 7:
Helm's Deep
golden
28.6%
Chapter 10:
The Voice of Saruman
stones,
27.6%
Chapter 2:
The Riders of Rohan
deepened.
26.5%
Chapter 10:
The Voice of Saruman
tunnel
25.5%
Chapter 4:
Treebeard
Meanwhile
22.4%
Chapter 4:
Treebeard
following
22.4%
Chapter 9:
Flotsam and Jetsam
eastward
21.4%
Chapter 4:
Treebeard
westward
20.4%
Chapter 7:
Helm's Deep
fields
20.4%
Chapter 8:
The Road to Isengard
fair
20.4%
Chapter 10:
The Voice of Saruman
about
19.4%
Chapter 7:
Helm's Deep
already
18.4%
Chapter 7:
Helm's Deep
turning
18.4%
Chapter 9:
Flotsam and Jetsam
turning
18.4%
Chapter 7:
Helm's Deep
haze.
17.3%
Chapter 9:
Flotsam and Jetsam
make
17.3%
Chapter 10:
The Voice of Saruman
still
17.3%
Chapter 10:
The Voice of Saruman
windows,
16.3%
Chapter 6: The King of the Golden Hallslow
15.3%
Chapter 10:
The Voice of Saruman
menace
15.3%
Chapter 4:
Treebeard
running
14.3%
Chapter 7:
Helm's Deep
westering
14.3%
Chapter 6: The King of the Golden Hallgathering
13.3%
Chapter 3:
The Uruk-Hai
troubled
12.2%
Chapter 4:
Treebeard
slope
11.2%
Chapter 10:
The Voice of Saruman
heap
11.2%
Chapter 3:
The Uruk-Hai
tunnels,
9.2%
Chapter 6: The King of the Golden Hallsunset,
9.2%
Chapter 9:
Flotsam and Jetsam
circuit
8.2%
Chapter 10:
The Voice of Saruman
rock
8.2%
Chapter 3:
The Uruk-Hai
echoing
7.1%
Chapter 4:
Treebeard
line
5.1%
Chapter 7:
Helm's Deep
rolling
5.1%
Chapter 10:
The Voice of Saruman
gazing
4.1%
Chapter 10:
The Voice of Saruman
desolation
4.1%
Remove Ads.
Support Sporcle.
Get the best of Sporcle when you Go Orange. This ad-free experience offers more features, more stats, and more fun while also helping to support Sporcle. Thank you for becoming a member.

You're not logged in!

Compare scores with friends on all Sporcle quizzes.
OR
Log In

Show Comments

Extras

Top Quizzes Today


Score Distribution

Your Account Isn't Verified!

In order to create a playlist on Sporcle, you need to verify the email address you used during registration. Go to your Sporcle Settings to finish the process.

Report this User

Report this user for behavior that violates our Community Guidelines.

Details: